Największe miasta w Indiach zawierające literę - Statystyki

Ogólne statystyki
  • Ten quiz został rozwiązany 72 razy
  • Średni wynik to 15 z 28
Statystyki odpowiedzi
Litera Miasto % Poprawnych
D Delhi
99%
E Delhi
99%
H Delhi
99%
I Delhi
99%
L Delhi
99%
O Mumbaj (Bombaj) / Kolkata (Kalkuta) / Lucknow
96%
A Mumbaj
93%
B Mumbaj
93%
J Mumbaj
93%
M Mumbaj
93%
U Mumbaj
93%
K Kolkata
81%
T Kolkata
81%
Ć Ćennaj
53%
N Ćennaj
53%
C Lucknow
43%
W Lucknow
43%
P Pune
29%
G Bengaluru
28%
R Bengaluru
28%
S Surat
25%
V Vadodara
4%
Z Ghaziabad
1%
Ź Widźajawada
1%
Ż Dżabalpur
0%
F Faridabad
0%
Y Kalyan-Dombivali
0%
Ś Triśur
0%
Nie znaleziono quizów pasujących do podanych kryteriów
Rozkład punktacji
Procent ludzi z każdym wynikiem
Percentyl według liczby udzielonych odpowiedzi
Twoja historia wyników
Nie rozwiązałeś tego quizu